000 00970nam a22002537a 4500
999 _c21336
_d21336
003 AR-CdUCM
008 190304b ||||| |||| 00| 0 spa d
020 _a9786124340239
040 _aMUNICIPALIDAD PROVINCIAL DEL CUSCO
_cBIBLIOTECA MUNICIPAL DEL CUSCO
082 _a985.61/V17H
_bV17H
_2Segunda
100 _aValcárcel, Luis E
_9628
245 _aHistoria de la cultura antigua del Perú (Incas) /
_cLuis Eduardo Varcárcel
260 _aLima ;
_bFondo Editorial de la UIGV,
_c2018.
300 _a413 Páginas. :
_bilustraciones ;
_c27 cm.
440 _aObras Escogidas
_924987
505 _aContenido: Orientación -- Métodos criterios -- Cultura y economía -- Economía, Derecho, Política, Moral en el Perú antiguo.
650 _aEl imperio Incaico
_98722
650 _aHistoria Incas
_944235
650 _aInkas
_91899
650 _aCultura Inca
_98612
710 _aUniversidad Inca Garcilaso de la Vega
_924988
942 _2ddc
_cLIBROS
945 _aRoel